000 00427nam a2200157 a 4500
005 20140412111237.0
008 001115s19uu xx 00 eng d
020 _a1-87563-012-0
050 _aM 652
_bLe645 19_?
100 _aVan Asten, David
245 _aLettering for students /
_ccompiled by David Van Asten.
260 _aAustralia :
_bLamont Pub,
_c1991.
300 _a32 p.
650 _aHandwriting
999 _c102490
_d102490